000 00457pab a2200157 454500
008 180718b2005 xxu||||| |||| 00| 0 eng d
100 _aRaman, H.
245 _aVariation of wholesale price indices of India's manufactured products 1989-90 to 1998-99
260 _c2005
300 _ap.463-73.
362 _aApr
650 _aManufacturing industry - India
650 _aManufacturing industry
773 _aIndian Journal of Economics
909 _a66514
999 _c66514
_d66514